Bayer Leverkusen Champions League XIs - Statistics

General Stats
  • This quiz has been taken 418 times
    349 since last reset
  • The average score is 18 of 75
Answer Stats
Answer % Correct
Jonathan Tah
80%
Lukáš Hrádecký
78%
Michael Ballack
77%
Patrik Schick
62%
Bernd Leno
57%
Kai Havertz
56%
Stefan Kießling
55%
Lúcio
51%
Edmond Tapsoba
50%
Lars Bender
49%
Sven Bender
49%
Moussa Diaby
44%
Julian Brandt
42%
Piero Hincapié
42%
Hans-Jorg Butt
41%
Karim Bellarabi
41%
Dimitar Berbatov
39%
Bernd Schneider
37%
Heung-min Son
37%
Robert Andrich
37%
Kevin Volland
36%
Javier Hernández
33%
Oliver Neuville
31%
Gonzalo Castro
30%
Wendell
30%
Carsten Ramelow
29%
Kerem Demirbay
29%
Ulf Kirsten
29%
Charles Aránguiz
28%
Ömer Toprak
28%
Simon Rolfes
28%
Zé Roberto
28%
Hakan Çalhanoğlu
24%
Odilon Kossounou
23%
André Schürrle
22%
Jens Nowotny
22%
Mitchel Bakker
20%
Yıldıray Baştürk
19%
Sidney Sam
18%
Diego Placente
16%
Julian Baumgartlinger
16%
Stefan Reinartz
14%
Juan
13%
Benjamin Henrichs
12%
Christoph Kramer
12%
Emerson
12%
Emir Spahić
12%
Emre Can
12%
Christian Wörns
11%
Kevin Kampl
11%
Giulio Donati
10%
Callum Hudson-Odoi
9%
Boris Živković
8%
Marko Babić
8%
Paulo Rink
8%
Robert Kovač
8%
Thomas Brdarić
8%
Michal Kadlec
7%
Roberto Hilbert
7%
Admir Mehmedi
6%
Kyriakos Papadopoulos
6%
Roque Júnior
6%
Stefan Beinlich
6%
Adam Matysek
5%
Dirk Heinen
4%
Erik Meijer
4%
Hanno Balitsch
4%
Jacek Krzynówek
3%
Jan Heintze
3%
Robson Ponte
3%
Hans-Peter Lehnhoff
2%
Jorg Reeb
2%
Markus Happe
2%
Pascal Zuberbühler
2%
Thomas Kleine
1%
No matching quizzes found
Score Distribution
Percent of People with Each Score
Percentile by Number Answered
Your Score History
You have not taken this quiz since the last reset